| 000 | 00445nam a22001337a 4500 | ||
|---|---|---|---|
| 003 | SGT | ||
| 082 |
_a617.632 _bE18D |
||
| 100 | _aDUDEJA, ANJALI | ||
| 245 | _aEVALUATION OF THE EFFICACY OF XENOGENIC EXTRACELLULAR MEMBRANE TO INCREASE THE THICKNESS OF KERATINIZED TISSUE AT THE TIME OF IMPLANT PLACEMENT A CLINICAL STUDY | ||
| 260 |
_aDELHI NCR _bSGT UNIVERSITY GURUGRAM _c2018 |
||
| 300 | _a1-74 | ||
| 650 | _aPERIODONTOLOGY | ||
| 942 |
_2ddc _cTH |
||
| 999 |
_c17043 _d17043 |
||